|
|
|
|
| LEADER |
00000nab a2200000uu 4500 |
| 001 |
vtls011501237 |
| 003 |
SK-MaSNL |
| 005 |
20260303112549.0 |
| 008 |
230121|1955 xo |||||||||||||||||cze| |
| 015 |
|
|
|a SNBRB
|
| 035 |
|
|
|a (urnnbn)urn:nbn:sk:snk:ar-a0ag49
|
| 035 |
|
|
|a (uuid)48fbef50-bcfa-41f4-afde-127b59fd8056
|
| 035 |
|
|
|a urn:nbn:sk:snk-abdvmo
|
| 040 |
|
|
|a SNKBUCL
|b slo
|c SNKBUCL
|e AACR2
|
| 041 |
0 |
|
|a cze
|
| 044 |
|
|
|a xo
|c SK
|
| 100 |
1 |
|
|a Ruprich, Jiří
|4 aut
|9 377080
|
| 245 |
1 |
0 |
|a Grafické methody v lesnickém plánování
|c Jiří Ruprich
|
| 773 |
0 |
|
|t Les : časopis pre lesné hospodárstvo
|g Roč. 2 (11), č. 4 (1955), s. 159-164
|
| 954 |
|
|
|a odborná, vedecká literatúra cudzojazyčná (svetová)
|2 lita
|
| 958 |
|
|
|a OND
|
| 958 |
|
|
|a EUIPO
|
| 958 |
|
|
|a article20
|
| 999 |
|
|
|c 1885521
|d 1887451
|